[Event "Olympiad Women-43"]
[Site "Batumi"]
[Date "2018.09.28"]
[Round "5.61"]
[White "Greenidge, Vanessa"]
[Black "Sanchez, Mariana1111"]
[Result "0-1"]
[WhiteElo "1492"]
[BlackElo "1505"]
[PlyCount "88"]
[EventDate "2018.09.24"]
[EventType "team-swiss"]
[EventRounds "11"]
[EventCountry "GEO"]
[SourceTitle "EXT 2020"]
[Source "ChessBase"]
[SourceDate "2019.10.17"]
[SourceVersion "1"]
[SourceVersionDate "2019.10.17"]
[SourceQuality "1"]
[WhiteTeam "Barbados (W)"]
[BlackTeam "Netherlands Antilles (W)"]
[WhiteTeamCountry "BAR"]
[BlackTeamCountry "AHO"]

1. d4 e6 2. c4 d5 3. Nc3 c5 4. cxd5 exd5 5. dxc5 d4 6. Ne4 Nc6 7. Nf3 Bf5 8. Ng3 Bg6 9. Bd2 h5 10. h4 Bxc5 11. Qb3 Qd7 12. Rc1 b6 13. Qc4 Rc8 14. a3 a5 15. Bf4 Nf6 16. Nd2 Ng4 17. Nge4 Bxe4 18. Nxe4 Nce5 19. Qa2 0-0 20. Nxc5 Rxc5 21. Rxc5 bxc5 22. f3 Qf5 23. Bd2 Ne3 24. Bxa5 Qc2 25. Rg1 N5c4 26. Bc7 Re8 27. Qa1 Nxf1 28. Qd1 Qxd1+ 29. Kxd1 Nxb2+ 30. Kc2 Rxe2+ 31. Kb3 c4+ 32. Kb4 Re1 33. Bg3 Rb1 34. Kc5 d3 35. Bf4 c3 36. Kd4 d2 37. Kxc3 d1Q 38. Kb4 Qd4+ 39. Kb5 Nd3+ 40. Kc6 Rb6+ 41. Kc7 Qc5+ 42. Kd8 Rb7 43. Rxf1 Qe7+ 44. Kc8 Qd7# 0-1

[Event "Olympiad Women-43"]
[Site "Batumi"]
[Date "2018.09.24"]
[Round "1.40"]
[White "Greenidge, Vanessa"]
[Black "De Seroux, Camille"]
[Result "0-1"]
[WhiteElo "1492"]
[BlackElo "2175"]
[PlyCount "42"]
[EventDate "2018.09.24"]
[EventType "team-swiss"]
[EventRounds "11"]
[EventCountry "GEO"]
[SourceTitle "EXT 2020"]
[Source "ChessBase"]
[SourceDate "2019.10.17"]
[SourceVersion "1"]
[SourceVersionDate "2019.10.17"]
[SourceQuality "1"]
[WhiteTeam "Barbados (W)"]
[BlackTeam "Switzerland (W)"]
[WhiteTeamCountry "BAR"]
[BlackTeamCountry "SUI"]

1. d4 Nf6 2. c4 g6 3. Nc3 Bg7 4. g3 0-0 5. Bg2 d6 6. Nf3 Nbd7 7. 0-0 e5 8. d5 a5 9. b3 Nc5 10. h3 Re8 11. Re1 e4 12. Nd4 Qe7 13. Be3 Nfd7 14. Qd2 Ne5 15. a3 a4 16. Nxe4 Nxe4 17. Bxe4 axb3 18. Bd3 Bxh3 19. Qb4 Ng4 20. Nxb3 Nxe3 21. fxe3 Bxa1 0-1